| 000 | 00630nam a22002417a 4500 | ||
|---|---|---|---|
| 003 | UA-OsUOA | ||
| 001 | 58781 | ||
| 007 | ta | ||
| 008 | 20090224b un ||||| |||| 00| 0 ukr d | ||
| 100 | _aБрюховецька Л. | ||
| 090 |
_a791.44.071:929 _bБ89 |
||
| 942 | _cBK | ||
| 040 |
_aUA-OsUOA _bukr _cUA-OsUOA _dUA-OsUOA |
||
| 245 | _aІван Миколайчук | ||
| 300 | _a63 с. | ||
| 955 | _a2 | ||
| 041 | _aukr | ||
| 080 | _a791.44.071:929 | ||
| 020 | _a978-966-8968-17-4 | ||
| 260 |
_aК. _bАтлант ЮЕмСі _c2007 |
||
| 650 | 7 |
_a791.4 Демонстрація зображень _2UDC |
|
| 999 |
_c344749 _d344749 |
||